000 00241nam a2200097Ia 4500
001 806711
005 20250826171217.0
008 250824s9999 xx 000 0 und d
245 0 _aBİLİNMYEN HEDEF
_cAGATHA CHRISTIE
260 _bALTIN YAYINLARI
999 _c806711
_d806711